|
|
|
|
| LEADER |
00000cam a22000002c 4500 |
| 001 |
1122271867 |
| 003 |
DE-627 |
| 005 |
20220516132955.0 |
| 007 |
tu |
| 008 |
960531s1993 xx ||||| 00| ||fre c |
| 035 |
|
|
|a (DE-627)1122271867
|
| 035 |
|
|
|a (DE-576)052271862
|
| 035 |
|
|
|a (DE-599)BSZ052271862
|
| 040 |
|
|
|a DE-627
|b ger
|c DE-627
|e rakwb
|
| 041 |
|
|
|a fre
|
| 100 |
1 |
|
|a Gruet, Florence
|4 aut
|
| 245 |
1 |
4 |
|a Les homosexuels
|b étude 1992
|c Florence Gruet; Françoise Dubois-Arber
|
| 264 |
|
1 |
|a Lausanne
|b Inst. Univ. de Médecine Sociale et Préventive
|c 1993
|
| 300 |
|
|
|a 112 S.
|
| 336 |
|
|
|a Text
|b txt
|2 rdacontent
|
| 337 |
|
|
|a ohne Hilfsmittel zu benutzen
|b n
|2 rdamedia
|
| 338 |
|
|
|a Band
|b nc
|2 rdacarrier
|
| 490 |
1 |
|
|a Cahiers de recherches et de documentation / Institut Universitaire de Médecine Sociale et Préventive, Lausanne
|v 82.8
|
| 490 |
1 |
|
|a Evaluation de la strategie de prévention du SIDA en Suisse
|v phase 5, 1991/92
|
| 583 |
1 |
|
|a Archivierung prüfen
|c 20200919
|f DE-640
|z 1
|2 pdager
|
| 700 |
1 |
|
|a Dubois-Arber, Françoise
|0 (DE-627)1245414429
|0 (DE-576)175414424
|4 aut
|
| 810 |
2 |
|
|a Université de Lausanne
|b Institut universitaire de médecine sociale et préventive
|t Cahiers de recherches et de documentation
|v 82.8
|9 82.8
|w (DE-627)1123757291
|w (DE-576)053757297
|7 am
|
| 830 |
|
0 |
|a Evaluation de la strategie de prévention du SIDA en Suisse
|v phase 5, 1991/92
|9 phase 5, 1991/92
|w (DE-627)1123757976
|w (DE-576)053757971
|7 am
|
| 935 |
|
|
|a mkri
|
| 951 |
|
|
|a BO
|
| ELC |
|
|
|b 1
|
| LOK |
|
|
|0 000 xxxxxcx a22 zn 4500
|
| LOK |
|
|
|0 001 2281992012
|
| LOK |
|
|
|0 003 DE-627
|
| LOK |
|
|
|0 004 1122271867
|
| LOK |
|
|
|0 005 19960816000000
|
| LOK |
|
|
|0 008 960531||||||||||||||||ger|||||||
|
| LOK |
|
|
|0 040
|a DE-Frei85
|c DE-627
|d DE-Frei85
|
| LOK |
|
|
|0 852
|a DE-Frei85
|
| LOK |
|
|
|0 852 1
|m p
|9 00
|
| LOK |
|
|
|0 938
|k p
|
| LOK |
|
|
|0 939
|a 31-05-96
|b l01
|
| ORI |
|
|
|a SA-MARC-krimdoka001.raw
|